| 000 | 00350nam a2200145Ia 4500 | ||
|---|---|---|---|
| 008 | 221030s9999 xx 000 0 und d | ||
| 041 | _aEnglish | ||
| 082 | _a105.23 | ||
| 100 | _aA. Lytel | ||
| 245 | 0 |
_aabc`s of Computers _cby A. Lytel |
|
| 260 |
_bD. B. Taraporvale Sons & Co. _aMumbai _c1971 |
||
| 300 | _a255 | ||
| 650 | _aGeneral | ||
| 942 | _cBK | ||
| 999 |
_c10895 _d10895 |
||